00389 2200157 4500001002100000005001500021035002000036245005000056100001500106300002600121260002800147082000800175084001400183020002200197990001200219INLIS00000000000302320250918111544 a0010-09250003701 aKenangan Terakhir Yang Terindah /cKenan Widi0 aKenan Widi a200 hlm ;c13 x 19 cm aJakarta :bZettu,c2013 a813 a813 KEN k a978-602-7735-92-7 a0755613